[Event "CZE-chT2B 1718"]
[Site "Czech Republic"]
[Date "2018.02.11"]
[Round "8.6"]
[White "Zakoucka, Adela"]
[Black "Vltavsky, Vladimir"]
[Result "1/2-1/2"]
[WhiteElo "2016"]
[BlackElo "2173"]
[PlyCount "96"]
[EventDate "2017.10.15"]
[EventType "team-tourn"]
[EventRounds "11"]
[EventCountry "CZE"]
[SourceTitle "EXT 2022"]
[Source "ChessBase"]
[SourceDate "2021.10.06"]
[SourceVersion "1"]
[SourceVersionDate "2021.10.06"]
[SourceQuality "1"]
[WhiteTeam "Jicin"]
[BlackTeam "Turnov Zikuda II"]
[WhiteTeamCountry "CZE"]
[BlackTeamCountry "CZE"]

1. e4 e6 2. d4 c5 3. Nf3 cxd4 4. Nxd4 Nc6 5. Nc3 a6 6. Be3 Nf6 7. a3 Be7 8. Be2 0-0 9. Qd2 b5 10. Nxc6 dxc6 11. Qxd8 Rxd8 12. Bb6 Re8 13. Be3 e5 14. f3 Be6 15. Kf2 Nd7 16. Rhd1 Reb8 17. Nb1 Nb6 18. b3 a5 19. Nc3 a4 20. b4 Rb7 21. Nb1 h6 22. Nd2 Rd8 23. Rac1 Bg5 24. Nf1 Bxe3+ 25. Nxe3 Rbd7 26. Rxd7 Rxd7 27. Rd1 Rxd1 28. Bxd1 Kf8 29. Be2 Ke7 30. Ke1 g6 31. Bd3 Kd6 32. Kd2 h5 33. h4 Ke7 34. Ke2 Kd6 35. Kd2 Ke7 36. c3 Kd6 37. Ke2 Ke7 38. Kd2 f6 39. g4 Kd6 40. Be2 Ke7 41. c4 hxg4 42. fxg4 bxc4 43. Kc3 Nc8 44. Bxc4 Nd6 45. Bxe6 Kxe6 46. Kd3 Nb5 47. Nc4 Kf7 48. Ke3 Ke6 1/2-1/2

[Event "CZE-chT2B 1617"]
[Site "Czech Republic"]
[Date "2017.03.19"]
[Round "10.7"]
[White "Lamser, Jan"]
[Black "Zakoucka, Adela"]
[Result "1/2-1/2"]
[WhiteElo "2127"]
[BlackElo "2023"]
[PlyCount "121"]
[EventDate "2016.10.09"]
[EventType "team-tourn"]
[EventRounds "11"]
[EventCountry "CZE"]
[SourceTitle "EXT 2022"]
[Source "ChessBase"]
[SourceDate "2021.10.06"]
[SourceVersion "1"]
[SourceVersionDate "2021.10.06"]
[SourceQuality "1"]
[WhiteTeam "Bartos Unichess II"]
[BlackTeam "Jicin IV"]
[WhiteTeamCountry "CZE"]
[BlackTeamCountry "CZE"]

1. d4 g6 2. e4 Bg7 3. c3 d6 4. Bd3 Nd7 5. Nf3 c5 6. 0-0 e5 7. Bg5 Qb6 8. Na3 Ngf6 9. Nc4 Qc7 10. dxe5 dxe5 11. a4 b6 12. Re1 0-0 13. Ne3 Bb7 14. Nd2 a6 15. f3 Bc6 16. Qe2 Qb7 17. Ndc4 Qc7 18. Na3 Qb7 19. b3 h6 20. Bh4 Nh5 21. Bc4 Kh8 22. Bd5 Nf4 23. Qc4 f5 24. Bxc6 Qxc6 25. Rad1 fxe4 26. Qxe4 Qxe4 27. fxe4 Nf6 28. Bxf6 Bxf6 29. Nd5 Nxd5 30. Rxd5 Rad8 31. Red1 Rxd5 32. Rxd5 Bg5 33. Rd3 Rd8 34. Rxd8+ Bxd8 35. Nc4 Bc7 36. g4 Kg7 37. Kg2 Kf6 38. Kg3 Ke6 39. Kf3 Kd7 40. Ne3 Bd8 41. Kg3 b5 42. c4 Kc6 43. Nd5 b4 44. h4 Kd7 45. Ne3 Be7 46. Kh3 Ke6 47. h5 gxh5 48. Nf5 Bg5 49. gxh5 Bf4 50. Nh4 Bg5 51. Ng6 Be7 52. Kg4 Bd6 53. Nh4 a5 54. Ng2 Bf8 55. Ne3 Be7 56. Kf3 Bg5 57. Nd5 Bd8 58. Kg4 Bg5 59. Nc7+ Kd7 60. Nb5 Ke6 61. Nc7+ 1/2-1/2

[Event "CZE-chT2B 1617"]
[Site "Czech Republic"]
[Date "2017.01.29"]
[Round "7.7"]
[White "Erban, Dusan"]
[Black "Zakoucka, Adela"]
[Result "1/2-1/2"]
[WhiteElo "2052"]
[BlackElo "2023"]
[PlyCount "35"]
[EventDate "2016.10.09"]
[EventType "team-tourn"]
[EventRounds "11"]
[EventCountry "CZE"]
[SourceTitle "EXT 2022"]
[Source "ChessBase"]
[SourceDate "2021.10.06"]
[SourceVersion "1"]
[SourceVersionDate "2021.10.06"]
[SourceQuality "1"]
[WhiteTeam "Usti nad Labem"]
[BlackTeam "Jicin IV"]
[WhiteTeamCountry "CZE"]
[BlackTeamCountry "CZE"]

1. e4 c5 2. c3 d5 3. exd5 Qxd5 4. d4 Nc6 5. Nf3 e5 6. Nxe5 Nxe5 7. dxe5 Qxe5+ 8. Be3 Bd7 9. Nd2 Nf6 10. Be2 Nd5 11. Nc4 Nxe3 12. Qxd7+ Kxd7 13. Nxe5+ Ke6 14. fxe3 Kxe5 15. Bc4 Be7 16. Rd1 Rad8 17. Ke2 f5 18. Rxd8 1/2-1/2

[Event "Olomouc op 19th"]
[Site "Olomouc"]
[Date "2016.08.17"]
[Round "6"]
[White "Bombek, Peter"]
[Black "Zakoucka, Adela"]
[Result "1-0"]
[WhiteElo "2212"]
[BlackElo "2016"]
[PlyCount "79"]
[EventDate "2016.08.13"]
[EventType "swiss"]
[EventRounds "9"]
[EventCountry "CZE"]
[SourceTitle "CBM 173 Extra"]
[Source "ChessBase"]
[SourceDate "2016.08.29"]
[SourceVersion "1"]
[SourceVersionDate "2016.08.29"]
[SourceQuality "1"]

1. d4 Nf6 2. Nf3 g6 3. g3 Bg7 4. Bg2 0-0 5. 0-0 d5 6. c4 c6 7. Qb3 Qb6 8. Nc3 Rd8 9. Bf4 Na6 10. Qxb6 axb6 11. Na4 b5 12. cxb5 cxb5 13. Nb6 Ra7 14. a4 b4 15. Rfc1 Bf5 16. h3 h6 17. g4 Be6 18. a5 Nd7 19. e3 Ndb8 20. Bf1 Nc6 21. Bb5 Ncb8 22. Ne1 f5 23. g5 hxg5 24. Bxg5 Kf7 25. Nd3 Bf6 26. h4 Rh8 27. Nf4 Rd8 28. Kg2 Nd7 29. Nxe6 Kxe6 30. Bxd7+ Rxd7 31. Nxd7 Kxd7 32. Bxf6 exf6 33. Kf3 Ra8 34. Rg1 Rg8 35. Rg2 g5 36. hxg5 fxg5 37. Rh2 Rg7 38. Rh6 g4+ 39. Kg3 Re7 40. Rc1 1-0

[Event "Klatovy op 22nd"]
[Site "Klatovy"]
[Date "2016.07.10"]
[Round "9"]
[White "Parizek, Vojtech"]
[Black "Zakoucka, Adela"]
[Result "0-1"]
[WhiteElo "2104"]
[BlackElo "1969"]
[PlyCount "88"]
[EventDate "2016.07.02"]
[EventType "swiss"]
[EventRounds "9"]
[EventCountry "CZE"]
[SourceTitle "CBM 173 Extra"]
[Source "ChessBase"]
[SourceDate "2016.08.29"]
[SourceVersion "1"]
[SourceVersionDate "2016.08.29"]
[SourceQuality "1"]

1. e4 c5 2. Nf3 Nc6 3. d4 cxd4 4. Nxd4 g6 5. g3 Bg7 6. Ne2 b5 7. Nbc3 Rb8 8. Bg2 Nf6 9. 0-0 0-0 10. h3 d6 11. Nd5 Bb7 12. Re1 Nd7 13. Rb1 Qa5 14. a3 Nde5 15. Bd2 Qd8 16. Bc3 e6 17. Nb4 a5 18. Nxc6 Nxc6 19. Bxg7 Kxg7 20. Qd3 Ne5 21. Qd4 Kg8 22. Rbd1 Qc7 23. Nc3 Bc8 24. Qxd6 Qxd6 25. Rxd6 Nc4 26. Rc6 Nxb2 27. Rb1 Bb7 28. Rb6 Nc4 29. R6xb5 Nxa3 30. Rxb7 Nxb1 31. Rxb1 Rxb1+ 32. Nxb1 Rc8 33. c3 Rb8 34. Nd2 a4 35. Bf1 a3 36. Bc4 Rb2 37. Nf3 Rc2 38. Nd4 Rxc3 39. Ba2 e5 40. Nb5 Rc2 41. Nxa3 Rxa2 42. Nc4 f6 43. Kg2 Ra4 44. Nd2 Rd4 0-1

[Event "Klatovy op 22nd"]
[Site "Klatovy"]
[Date "2016.07.08"]
[Round "7"]
[White "Jelinek, Michal"]
[Black "Zakoucka, Adela"]
[Result "1/2-1/2"]
[WhiteElo "2176"]
[BlackElo "1969"]
[PlyCount "97"]
[EventDate "2016.07.02"]
[EventType "swiss"]
[EventRounds "9"]
[EventCountry "CZE"]
[SourceTitle "CBM 173 Extra"]
[Source "ChessBase"]
[SourceDate "2016.08.29"]
[SourceVersion "1"]
[SourceVersionDate "2016.08.29"]
[SourceQuality "1"]

1. d4 Nf6 2. c4 d6 3. Nf3 g6 4. Nc3 Bg7 5. e4 0-0 6. Be2 e5 7. 0-0 Nh5 8. g3 Bg4 9. Bg5 Qd7 10. Be3 Bxf3 11. Bxf3 Nf6 12. Qe2 exd4 13. Bxd4 Nc6 14. Be3 Rfe8 15. Rad1 Qe6 16. Bg2 Ne5 17. b3 h5 18. Rfe1 Nfg4 19. Bd4 a6 20. f4 c5 21. Bxe5 dxe5 22. f5 Qc6 23. Nd5 Nf6 24. Bh3 Nxd5 25. Rxd5 Rad8 26. Red1 Qf6 27. Qf2 b6 28. fxg6 fxg6 29. Qd2 Rxd5 30. cxd5 Qd6 31. Rf1 Rf8 32. Be6+ Kh7 33. Bf7 Bf6 34. Be6 Bg7 35. Re1 Bh6 36. Qe2 b5 37. Kg2 Rf6 38. Rf1 Rxf1 39. Qxf1 Qf8 40. Qd3 Qd6 41. Qf3 Qf8 42. Qd3 Qd6 43. g4 h4 44. Qh3 Bg5 45. Qf3 Bf4 46. g5 Qe7 47. Qg4 Qxg5 48. Kf3 Bc1 49. Qxg5 1/2-1/2

[Event "Klatovy op 22nd"]
[Site "Klatovy"]
[Date "2016.07.02"]
[Round "1"]
[White "Formanek, Martin"]
[Black "Zakoucka, Adela"]
[Result "1-0"]
[WhiteElo "2227"]
[BlackElo "1969"]
[PlyCount "59"]
[EventDate "2016.07.02"]
[EventType "swiss"]
[EventRounds "9"]
[EventCountry "CZE"]
[SourceTitle "CBM 173 Extra"]
[Source "ChessBase"]
[SourceDate "2016.08.29"]
[SourceVersion "1"]
[SourceVersionDate "2016.08.29"]
[SourceQuality "1"]

1. e4 c5 2. Nc3 Nc6 3. f4 g6 4. Nf3 Bg7 5. Bb5 Nd4 6. 0-0 Nxb5 7. Nxb5 a6 8. Nc3 b5 9. d3 Bb7 10. f5 Nf6 11. Qe1 d6 12. Qg3 b4 13. Ne2 c4 14. Nf4 Qb6+ 15. Kh1 b3 16. axb3 cxd3 17. cxd3 Qxb3 18. Bd2 Rc8 19. Bc3 Rc5 20. Nd4 Qb6 21. fxg6 hxg6 22. Nde6 Bh6 23. Nxc5 Qxc5 24. Bxf6 exf6 25. Rac1 Qe5 26. Rc7 Qxb2 27. Nxg6 Qb6 28. Re7+ Kd8 29. Rxb7 Qxb7 30. Nxh8 1-0

[Event "CZE/SVK-chT (Women)"]
[Site "Ricany"]
[Date "2015.06.30"]
[Round "5"]
[White "Zakoucka, Adela"]
[Black "Zvarikova, Alexandra"]
[Result "1-0"]
[WhiteElo "1976"]
[BlackElo "2053"]
[PlyCount "105"]
[EventDate "2015.06.27"]
[EventType "team-tourn"]
[EventRounds "7"]
[EventCountry "CZE"]
[SourceTitle "EXT 2017"]
[Source "ChessBase"]
[SourceDate "2016.10.25"]
[SourceVersion "1"]
[SourceVersionDate "2016.10.25"]
[SourceQuality "1"]

1. e4 e6 2. d4 d5 3. Nd2 c5 4. c3 Nc6 5. Ngf3 Nf6 6. e5 Nd7 7. Be2 f6 8. exf6 Nxf6 9. 0-0 Bd6 10. dxc5 Bxc5 11. Nb3 Bd6 12. c4 0-0 13. Bg5 Bc7 14. Bh4 Ne7 15. Bg3 Bxg3 16. hxg3 Qd6 17. Qd4 Nc6 18. Qh4 Ne5 19. Rad1 Ng6 20. Qg5 Bd7 21. Bd3 Be8 22. Rfe1 Rd8 23. Nfd4 Bf7 24. c5 Qe7 25. Nf5 Qc7 26. Nd6 Rxd6 27. cxd6 Qxd6 28. Nd4 h6 29. Qd2 e5 30. Nf5 Qb6 31. Ne3 e4 32. Bb1 Ne5 33. Qd4 Qxd4 34. Rxd4 Nc6 35. Rd2 d4 36. Nf5 d3 37. f3 Bg6 38. Nh4 Bh7 39. fxe4 Nxe4 40. Rxd3 Nc5 41. Rde3 Bxb1 42. Rxb1 Rd8 43. Rbe1 Kf7 44. Rf3+ Kg8 45. Ng6 Kh7 46. Nf8+ Kg8 47. Ne6 Re8 48. Rfe3 Nd7 49. Nc7 Rf8 50. Re8 Nde5 51. R8xe5 Nxe5 52. Rxe5 Rd8 53. Re8+ 1-0

[Event "CZE-chT2D 1415"]
[Site "Czech Republic"]
[Date "2015.01.25"]
[Round "6.7"]
[White "Jezbera, Jiri"]
[Black "Zakoucka, Adela"]
[Result "1-0"]
[WhiteElo "2173"]
[BlackElo "2001"]
[PlyCount "43"]
[EventDate "2014.11.02"]
[EventType "team-tourn"]
[EventRounds "11"]
[EventCountry "CZE"]
[SourceTitle "EXT 2022"]
[Source "ChessBase"]
[SourceDate "2021.10.06"]
[SourceVersion "1"]
[SourceVersionDate "2021.10.06"]
[SourceQuality "1"]
[WhiteTeam "Hradec Kralove II"]
[BlackTeam "Jicin II"]
[WhiteTeamCountry "CZE"]
[BlackTeamCountry "CZE"]

1. e4 c5 2. Nc3 e6 3. Bc4 Nc6 4. f4 Nge7 5. d3 g6 6. a4 Bg7 7. Ba2 d6 8. Nf3 a6 9. 0-0 b6 10. Ne2 Nd4 11. Nexd4 cxd4 12. Bd2 0-0 13. Qe1 Bb7 14. g4 b5 15. Bb3 Qd7 16. Qh4 h6 17. f5 exf5 18. gxf5 gxf5 19. Bxh6 fxe4 20. Qg5 Nf5 21. Ne5 dxe5 22. Rxf5 1-0

[Event "CZE/SVK-chT (Women)"]
[Site "Liptovsky Mikulas"]
[Date "2014.06.21"]
[Round "3"]
[White "Nova, Michaela"]
[Black "Zakoucka, Adela"]
[Result "1/2-1/2"]
[WhiteElo "1678"]
[BlackElo "2000"]
[PlyCount "60"]
[EventDate "2014.06.20"]
[EventType "team-tourn"]
[EventRounds "7"]
[EventCountry "SVK"]
[SourceTitle "EXT 2016"]
[Source "ChessBase"]
[SourceDate "2015.10.08"]
[SourceVersion "1"]
[SourceVersionDate "2015.10.08"]
[SourceQuality "1"]
[WhiteTeam "Ricany 1925"]
[BlackTeam "Jicin Sachklub AD"]
[WhiteTeamCountry "CZE"]
[BlackTeamCountry "CZE"]

1. e4 c5 2. Nf3 Nc6 3. c4 g6 4. d4 cxd4 5. Nxd4 Bg7 6. Be3 Nf6 7. Nc3 d6 8. Be2 0-0 9. Rc1 Qa5 10. 0-0 Nxd4 11. Bxd4 Bh6 12. f4 e5 13. Be3 Be6 14. Qd2 Ng4 15. Bxg4 Bxg4 16. Kh1 f6 17. b3 Rad8 18. h3 Bc8 19. Rf3 Bg7 20. Rff1 f5 21. exf5 Bxf5 22. Qd5+ Qxd5 23. Nxd5 Rf7 24. Rcd1 b6 25. fxe5 Bxe5 26. Bg5 Re8 27. Rde1 Kf8 28. Bh6+ Kg8 29. Bg5 Kf8 30. Bh6+ Kg8 1/2-1/2

[Event "Tabor op"]
[Site "Tabor"]
[Date "2013.07.29"]
[Round "3"]
[White "Zakoucka, Adela"]
[Black "Borkovec, Milan"]
[Result "0-1"]
[WhiteElo "1994"]
[BlackElo "2188"]
[PlyCount "56"]
[EventDate "2013.07.28"]
[EventType "swiss"]
[EventRounds "9"]
[EventCountry "CZE"]
[SourceTitle "CBM 155 Extra"]
[Source "ChessBase"]
[SourceDate "2013.08.26"]
[SourceVersion "1"]
[SourceVersionDate "2013.08.26"]
[SourceQuality "1"]

1. e4 d5 2. exd5 Nf6 3. Bb5+ Bd7 4. Be2 Nxd5 5. d4 Bf5 6. Nf3 e6 7. a3 Be7 8. c4 Nb6 9. h3 0-0 10. 0-0 Nc6 11. Be3 Bf6 12. Nc3 a5 13. g4 Bg6 14. g5 Be7 15. d5 exd5 16. cxd5 Nb8 17. Qb3 a4 18. Qd1 N8d7 19. Rc1 Nc5 20. Nb5 Nb3 21. Bxb6 Nxc1 22. Qxc1 cxb6 23. d6 Bxd6 24. Rd1 Qe7 25. Qd2 Bc5 26. Nfd4 Rad8 27. h4 Bxd4 28. Nxd4 Rxd4 0-1

[Event "Tabor op"]
[Site "Tabor"]
[Date "2013.07.29"]
[Round "2"]
[White "Zakoucka, Adela"]
[Black "Jedlicka, Ales"]
[Result "1-0"]
[WhiteElo "1994"]
[BlackElo "2226"]
[PlyCount "121"]
[EventDate "2013.07.28"]
[EventType "swiss"]
[EventRounds "9"]
[EventCountry "CZE"]
[SourceTitle "CBM 155 Extra"]
[Source "ChessBase"]
[SourceDate "2013.08.26"]
[SourceVersion "1"]
[SourceVersionDate "2013.08.26"]
[SourceQuality "1"]

1. e4 c5 2. Nc3 Nc6 3. Bb5 g6 4. Bxc6 dxc6 5. d3 Bg7 6. Be3 b6 7. f4 Nf6 8. h3 0-0 9. Nf3 c4 10. d4 b5 11. a3 a5 12. 0-0 Bb7 13. Nd2 Nh5 14. Ne2 c5 15. c3 cxd4 16. Bxd4 Qc7 17. Qc2 Rad8 18. Rad1 e5 19. fxe5 Bxe5 20. Nf3 Bg7 21. Bxg7 Nxg7 22. Rxd8 Rxd8 23. Ned4 Qc5 24. Qf2 Rd7 25. Qg3 Nh5 26. Qb8+ Qf8 27. Qe5 Re7 28. Qxb5 Ng3 29. Re1 Nxe4 30. Qxc4 Qb8 31. Ne2 Nd6 32. Qb3 Qa7+ 33. Ned4 Rxe1+ 34. Nxe1 Nf5 35. Qc4 Ba6 36. Qc6 Qe7 37. Qa8+ Kg7 38. Nxf5+ gxf5 39. Qxa6 Qxe1+ 40. Qf1 Qe3+ 41. Qf2 Qc1+ 42. Kh2 Kg6 43. Qg3+ Kf6 44. Qh4+ Kg6 45. Qf2 f4 46. a4 f6 47. Qe2 h5 48. Qd3+ Kh6 49. b4 Qa3 50. Qd4 axb4 51. Qxf6+ Kh7 52. Qf7+ Kh8 53. Qxh5+ Kg7 54. Qg5+ Kh7 55. Qe7+ Kg6 56. Qxb4 Qc1 57. Qe4+ Kg5 58. Qe5+ Kg6 59. a5 Qf1 60. Qe6+ Kg5 61. c4 1-0

[Event "Klatovy op-A"]
[Site "Klatovy"]
[Date "2013.07.04"]
[Round "6"]
[White "Zakoucka, Adela"]
[Black "Kuchar, Tomas"]
[Result "1-0"]
[WhiteElo "1994"]
[BlackElo "1792"]
[PlyCount "47"]
[EventDate "2013.06.29"]
[EventType "swiss"]
[EventRounds "9"]
[EventCountry "CZE"]
[SourceTitle "EXT 2014"]
[Source "ChessBase"]
[SourceDate "2013.11.20"]
[SourceVersion "1"]
[SourceVersionDate "2013.11.20"]
[SourceQuality "1"]

1. e4 c5 2. f4 e6 3. Nc3 d5 4. d3 Nc6 5. Nf3 d4 6. Ne2 Nf6 7. Ng3 Be7 8. Be2 0-0 9. 0-0 Qc7 10. h3 a6 11. Nh2 b5 12. Ng4 Nxg4 13. hxg4 Rd8 14. g5 Bf8 15. Nh5 Ne7 16. g4 g6 17. Nf6+ Kh8 18. Qe1 Ng8 19. Qh4 Nxf6 20. gxf6 h6 21. f5 Kg8 22. Bxh6 Qd6 23. fxg6 Ra7 24. Bxf8 1-0

[Event "Klatovy op-A"]
[Site "Klatovy"]
[Date "2013.07.01"]
[Round "3"]
[White "Kopriva, Martin"]
[Black "Zakoucka, Adela"]
[Result "1-0"]
[WhiteElo "1782"]
[BlackElo "1994"]
[PlyCount "61"]
[EventDate "2013.06.29"]
[EventType "swiss"]
[EventRounds "9"]
[EventCountry "CZE"]
[SourceTitle "EXT 2014"]
[Source "ChessBase"]
[SourceDate "2013.11.20"]
[SourceVersion "1"]
[SourceVersionDate "2013.11.20"]
[SourceQuality "1"]

1. e4 c5 2. Nf3 Nc6 3. d4 cxd4 4. Nxd4 g6 5. Nc3 Bg7 6. Be3 Nf6 7. Nxc6 bxc6 8. e5 Ng8 9. f4 f6 10. f5 fxe5 11. fxg6 d5 12. gxh7 Rxh7 13. Bd3 e4 14. Nxe4 Rh8 15. Ng3 Qa5+ 16. c3 Be5 17. Bg6+ Kd8 18. 0-0 Nf6 19. Bd4 Bxg3 20. hxg3 Rh6 21. Bd3 Qc7 22. Qd2 Rh8 23. Rxf6 Qxg3 24. Rd6+ Qxd6 25. Bxh8 Be6 26. Qe3 c5 27. Re1 Bd7 28. Be5 Qb6 29. Qg5 c4+ 30. Bd4 Qd6 31. Bf5 1-0

[Event "Klatovy op-A"]
[Site "Klatovy"]
[Date "2013.06.30"]
[Round "2"]
[White "Zakoucka, Adela"]
[Black "Hajek, Jiri"]
[Result "0-1"]
[WhiteElo "1994"]
[BlackElo "1877"]
[PlyCount "112"]
[EventDate "2013.06.29"]
[EventType "swiss"]
[EventRounds "9"]
[EventCountry "CZE"]
[SourceTitle "EXT 2014"]
[Source "ChessBase"]
[SourceDate "2013.11.20"]
[SourceVersion "1"]
[SourceVersionDate "2013.11.20"]
[SourceQuality "1"]

1. e4 d5 2. exd5 Nf6 3. Bb5+ Bd7 4. Be2 Nxd5 5. d4 g6 6. c4 Nb6 7. Be3 Bg7 8. Nc3 Bf5 9. Nf3 0-0 10. 0-0 Nc6 11. h3 e5 12. d5 Ne7 13. g4 Bc8 14. b4 f5 15. gxf5 gxf5 16. Bg5 Qd7 17. d6 cxd6 18. c5 dxc5 19. Qxd7 Nxd7 20. Bc4+ Kh8 21. Bxe7 Re8 22. Nd5 e4 23. Rae1 Nb6 24. Nxb6 axb6 25. Bh4 Be6 26. Bxe6 Rxe6 27. Ng5 Rg6 28. Kh1 Rxa2 29. Rg1 Ra3 30. Nf7+ Kg8 31. Rxg6 hxg6 32. Ng5 Bf6 33. Kg2 c4 34. Rc1 b5 35. Kf1 Be7 36. Ke2 Ra2+ 37. Ke3 Bxb4 38. Rd1 Ra3+ 39. Kf4 Rd3 40. Rxd3 exd3 41. Kf3 d2 42. Ke2 c3 43. Kd1 Be7 44. Ne4 Bxh4 45. Nxc3 Bxf2 46. Kxd2 b4 47. Nd5 Bc5 48. Nf4 Kh7 49. Kd3 Kh6 50. h4 Bf2 51. Nd5 Bxh4 52. Nxb4 Bf2 53. Ke2 Bc5 54. Nd3 b6 55. Kf3 Bd6 56. Kg2 b5 0-1

[Event "Klatovy op-A"]
[Site "Klatovy"]
[Date "2013.06.29"]
[Round "1"]
[White "Vlasak, Lukas"]
[Black "Zakoucka, Adela"]
[Result "1-0"]
[WhiteElo "2296"]
[BlackElo "1994"]
[PlyCount "57"]
[EventDate "2013.06.29"]
[EventType "swiss"]
[EventRounds "9"]
[EventCountry "CZE"]
[SourceTitle "EXT 2014"]
[Source "ChessBase"]
[SourceDate "2013.11.20"]
[SourceVersion "1"]
[SourceVersionDate "2013.11.20"]
[SourceQuality "1"]

1. e4 d6 2. d4 Nf6 3. Nc3 e5 4. Nf3 Nbd7 5. g3 Be7 6. Bg2 0-0 7. 0-0 c6 8. b3 exd4 9. Nxd4 Nc5 10. Bb2 Re8 11. Re1 Bf8 12. Qd2 a5 13. a3 Ne6 14. Nxe6 Bxe6 15. Rad1 Qc7 16. Ne2 d5 17. Bxf6 gxf6 18. exd5 Bxd5 19. Bxd5 cxd5 20. Nf4 Rxe1+ 21. Rxe1 Bxa3 22. Nxd5 Qd6 23. Qd4 Kf8 24. c4 a4 25. bxa4 Rxa4 26. Qe4 Qe5 27. Qb1 Qb2 28. Qxh7 f5 29. Qh6+ 1-0

[Event "CZE-chT2B 1213"]
[Site "Czech Republic"]
[Date "2013.03.03"]
[Round "10.8"]
[White "Zakoucka, Adela"]
[Black "Popelka, Pavel"]
[Result "1-0"]
[WhiteElo "2008"]
[BlackElo "1933"]
[PlyCount "55"]
[EventDate "2012.10.14"]
[EventType "team-tourn"]
[EventRounds "11"]
[EventCountry "CZE"]
[SourceTitle "EXT 2015"]
[Source "ChessBase"]
[SourceDate "2014.11.20"]
[SourceVersion "1"]
[SourceVersionDate "2014.11.20"]
[SourceQuality "1"]
[WhiteTeam "Jicin II"]
[BlackTeam "Kralupy nad Vltavou"]
[WhiteTeamCountry "CZE"]
[BlackTeamCountry "CZE"]

1. e4 c5 2. Nf3 Nc6 3. d4 cxd4 4. Nxd4 e6 5. Nc3 Bc5 6. Nb3 Bb4 7. Bd3 Nge7 8. 0-0 0-0 9. f4 f5 10. a3 Bxc3 11. bxc3 fxe4 12. Bxe4 Qb6+ 13. Kh1 Nf5 14. Qe2 Nce7 15. c4 Rf6 16. c5 Rh6 17. Qf2 Qb5 18. Bd2 Qa4 19. Bf3 Nh4 20. f5 Nxf3 21. Bxh6 exf5 22. Qxf3 gxh6 23. Rae1 Qh4 24. Qe3 Kf7 25. Nd4 d5 26. cxd6 Nd5 27. Qe8+ Kg7 28. d7 1-0

[Event "Prague op-A 12th"]
[Site "Prague"]
[Date "2013.01.09"]
[Round "1"]
[White "Nemcova, Katerina"]
[Black "Zakoucka, Adela"]
[Result "1-0"]
[WhiteElo "2357"]
[BlackElo "2008"]
[PlyCount "79"]
[EventDate "2013.01.09"]
[EventType "swiss"]
[EventRounds "9"]
[EventCountry "CZE"]
[SourceTitle "CBM 152 Extra"]
[Source "ChessBase"]
[SourceDate "2013.02.25"]
[SourceVersion "1"]
[SourceVersionDate "2013.02.25"]
[SourceQuality "1"]

1. e4 d6 2. d4 Nf6 3. Nc3 e5 4. dxe5 dxe5 5. Qxd8+ Kxd8 6. Bg5 c6 7. f4 Nbd7 8. Bc4 Ke8 9. Nge2 Bd6 10. 0-0-0 Bc7 11. h3 h6 12. fxe5 Bxe5 13. Be3 b5 14. Bd3 a6 15. a4 Bb7 16. Rhe1 Ke7 17. Nd4 g6 18. Nb3 Rac8 19. Nc5 Nxc5 20. Bxc5+ Ke6 21. Be2 h5 22. Bf3 Nd7 23. Bf2 Bf4+ 24. Kb1 Ne5 25. Ne2 Bg5 26. Nd4+ Ke7 27. Nb3 Rhd8 28. Nc5 Rxd1+ 29. Rxd1 Rc7 30. Be1 Nc4 31. b3 Be3 32. Nxb7 Na3+ 33. Kb2 Rxb7 34. Kxa3 c5 35. a5 b4+ 36. Ka4 Bf4 37. Be2 Bc7 38. Bf2 Bd6 39. e5 Bxe5 40. Bxc5+ 1-0

[Event "CZE-chT2B 1213"]
[Site "Czech Republic"]
[Date "2012.12.02"]
[Round "4.8"]
[White "Hajny, Miloslav"]
[Black "Zakoucka, Adela"]
[Result "1/2-1/2"]
[WhiteElo "2058"]
[BlackElo "2008"]
[PlyCount "52"]
[EventDate "2012.10.14"]
[EventType "team-tourn"]
[EventRounds "11"]
[EventCountry "CZE"]
[SourceTitle "EXT 2015"]
[Source "ChessBase"]
[SourceDate "2014.11.20"]
[SourceVersion "1"]
[SourceVersionDate "2014.11.20"]
[SourceQuality "1"]
[WhiteTeam "Mlada Boleslav"]
[BlackTeam "Jicin II"]
[WhiteTeamCountry "CZE"]
[BlackTeamCountry "CZE"]

1. c4 Nf6 2. Nc3 g6 3. Nf3 Bg7 4. g3 c6 5. d4 d5 6. b3 Bf5 7. Bg2 Ne4 8. Bb2 0-0 9. 0-0 Nd7 10. e3 Nxc3 11. Bxc3 Nf6 12. Qe2 Be4 13. Rfd1 Rc8 14. Rac1 Re8 15. Bb2 h6 16. Bh3 Bf5 17. Bxf5 gxf5 18. Ne5 Nd7 19. Qh5 Nxe5 20. dxe5 e6 21. cxd5 cxd5 22. Bd4 b6 23. Qe2 Re7 24. Qb2 Rxc1 25. Rxc1 Rc7 26. Kf1 Qc8 1/2-1/2

[Event "CZE/SVK-chT (Women)"]
[Site "Ruzomberok"]
[Date "2012.07.02"]
[Round "6.2"]
[White "Zakoucka, Adela"]
[Black "Meszarosova, Eva"]
[Result "1-0"]
[WhiteElo "2015"]
[BlackElo "1577"]
[PlyCount "101"]
[EventDate "2012.06.30"]
[EventType "team-tourn"]
[EventRounds "9"]
[EventCountry "SVK"]
[SourceTitle "CBM 149 Extra"]
[Source "ChessBase"]
[SourceDate "2012.08.24"]
[SourceVersion "1"]
[SourceVersionDate "2012.08.24"]
[SourceQuality "1"]
[WhiteTeam "Jicin (W)"]
[BlackTeam "Dvory nad Zitavou (W)"]
[WhiteTeamCountry "CZE"]
[BlackTeamCountry "SVK"]

1. e4 c5 2. Nf3 d6 3. d4 cxd4 4. Nxd4 Nf6 5. Nc3 a6 6. Be2 e6 7. Be3 Be7 8. 0-0 Qc7 9. f4 Nbd7 10. Qe1 0-0 11. Qg3 b5 12. a3 Bb7 13. f5 e5 14. Bh6 Ne8 15. Nb3 Kh8 16. Be3 Nef6 17. Bf3 Rac8 18. Qf2 Bc6 19. Rfc1 Bb7 20. Nd2 Qb8 21. g4 Qa8 22. g5 Ng8 23. Qg2 f6 24. g6 h6 25. Nd1 Rfd8 26. Nf2 Nf8 27. Ng4 Rd7 28. Nxh6 Nxh6 29. Bxh6 Bd8 30. Be3 d5 31. exd5 Bxd5 32. Bxd5 Qxd5 33. Qxd5 Rxd5 34. Ne4 Rc4 35. Nc3 Rd7 36. Rd1 Ba5 37. Rxd7 Nxd7 38. Rd1 Nf8 39. Rd3 Bxc3 40. Rxc3 Rxc3 41. bxc3 Nd7 42. Kf2 Nb8 43. Kf3 Nc6 44. Bb6 a5 45. Bc5 a4 46. Bb6 Kg8 47. Ke4 Kf8 48. h4 Nb8 49. Kd5 Nd7 50. Bc7 Kg8 51. Kc6 1-0